Исследование влияния магния на активность алюмомедномагнийхромовых катализаторов в реакции окисления метана; Интеллектуальные энергосистемы; Т. 1

Detaylı Bibliyografya
Parent link:Интеллектуальные энергосистемы: труды V Международного молодёжного форума, 9-13 октября 2017 г., г. Томск/ Национальный исследовательский Томский политехнический университет (ТПУ), Энергетический институт (ЭНИН).— , 2017
Т. 1.— 2017.— [С. 200-203]
Yazar: Церешко Н. А.
Müşterek Yazar: Российская академия наук (РАН) Сибирское отделение (СО) Институт катализа им. Г. К. Борескова (ИК)
Diğer Yazarlar: Дубинин Ю. В. (научный руководитель)
Özet:Заглавие с титульного экрана
Dil:Rusça
Baskı/Yayın Bilgisi: 2017
Seri Bilgileri:Ресурсоэффективные технологии для топливосжигающих энергетических установок
Konular:
Online Erişim:http://earchive.tpu.ru/handle/11683/45180
Materyal Türü: MixedMaterials Elektronik Kitap Bölümü
KOHA link:https://koha.lib.tpu.ru/cgi-bin/koha/opac-detail.pl?biblionumber=625422

MARC

LEADER 00000naa2a2200000 4500
001 625422
005 20231101133348.0
035 |a (RuTPU)RU\TPU\conf\24682 
035 |a RU\TPU\conf\24675 
090 |a 625422 
100 |a 20171213d2017 k y0rusy50 ca 
101 0 |a rus 
102 |a RU 
105 |a y z 101zy 
135 |a drgn ---uucaa 
181 0 |a i  
182 0 |a b 
200 1 |a Исследование влияния магния на активность алюмомедномагнийхромовых катализаторов в реакции окисления метана  |f Н. А. Церешко  |g науч. рук. Ю. В. Дубинин 
203 |a Текст  |c электронный 
225 1 |a Ресурсоэффективные технологии для топливосжигающих энергетических установок 
230 |a 1 компьютерный файл (pdf; 340 Kb) 
300 |a Заглавие с титульного экрана 
320 |a [Библиогр.: с. 203 (3 назв.)] 
461 1 |0 (RuTPU)RU\TPU\conf\24578  |t Интеллектуальные энергосистемы  |o труды V Международного молодёжного форума, 9-13 октября 2017 г., г. Томск  |o в 3 т.  |f Национальный исследовательский Томский политехнический университет (ТПУ), Энергетический институт (ЭНИН)  |d 2017 
463 1 |0 (RuTPU)RU\TPU\conf\24579  |t Т. 1  |v [С. 200-203]  |d 2017 
610 1 |a электронный ресурс 
610 1 |a магний 
610 1 |a активность 
610 1 |a катализаторы 
610 1 |a окисление 
610 1 |a метан 
610 1 |a сжигание 
610 1 |a газообразные топлива 
700 1 |a Церешко  |b Н. А. 
702 1 |a Дубинин  |b Ю. В.  |4 727 
712 0 2 |a Российская академия наук (РАН)  |b Сибирское отделение (СО)  |b Институт катализа им. Г. К. Борескова (ИК)  |c (Новосибирск)  |2 stltpush  |3 (RuTPU)RU\TPU\col\325 
801 2 |a RU  |b 63413507  |c 20171215  |g RCR 
856 4 |u http://earchive.tpu.ru/handle/11683/45180 
942 |c BK